[Event "AUTO-BEG-358"]
[Site "http://www.queenalice.com/game.php?id=685386"]
[Date "2009.11.18"]
[Round "1"]
[White "littlespanish"]
[Black "Umma"]
[Result "0-1"]
[WhiteElo "1403"]
[BlackElo "1437"]

1. e4 e5 2. Nf3 Nc6 3. Bc4 Nf6 4. Ng5 d5 5. Bb5 Bg4 6. f3 a6 7. Bxc6+ bxc6 8.
fxg4 Bb4 9. c3 Ba5 10. b4 Bb6 11. Qb3 Nxg4 12. Rf1 Qxg5 13. Qc2 Nf2 14. Qa4 Qxg2
15. Qxc6+ Ke7 16. Qxd5 Rhe8 17. Qxe5+ Kf8 18. Qf4 Rxe4+ 19. Qe3 Nd3+ 20. Kd1
Qxf1+ 0-1

[Event "Challenge"]
[Site "http://www.queenalice.com/game.php?id=693764"]
[Date "2009.12.6"]
[Round "-"]
[White "CHUVARJ"]
[Black "Umma"]
[Result "0-1"]
[WhiteElo "1255"]
[BlackElo "1470"]

1. g3 e5 2. h4 d5 3. Nc3 d4 4. Ne4 Bf5 5. d3 Nf6 6. Bg2 Qd5 7. Ng5 Qxg2 8. b3
Qxh1 9. Nh3 Nc6 10. Ng5 Bb4+ 11. Bd2 Qxg1# 0-1

[Event "AUTO-INT-1543"]
[Site "http://www.queenalice.com/game.php?id=695619"]
[Date "2009.12.10"]
[Round "1"]
[White "markmooney"]
[Black "Umma"]
[Result "1-0"]
[WhiteElo "1819"]
[BlackElo "1360"]

1. e4 e5 2. Bc4 Nf6 3. Nf3 d5 4. exd5 e4 5. Qe2 Qe7 6. Nd4 Ng4 7. d3 Qe5 8. Qxe4
Bb4+ 9. c3 Qxe4+ 10. dxe4 b5 11. Bxb5+ c6 12. Nxc6 Bd7 13. cxb4 O-O 14. Ne7+ Kh8
15. Nc6 Re8 16. f3 Ne5 17. Nxe5 Bxb5 18. Nxf7+ Kg8 19. Nd6 Re7 20. Bf4 Na6 21.
Nxb5 Nxb4 22. Kd2 Rc8 23. N1c3 Rf7 24. Nd6 Nc2 25. Kxc2 Rxc3+ 26. Kxc3 Rxf4 27.
e5 g5 28. e6 Rf6 29. e7 Kg7 30. e8=Q Rxd6 31. Rhe1 Rf6 32. g4 Rf8 33. Qe7+ Rf7
34. Qxg5+ Kf8 35. Re3 h6 36. Qxh6+ 1-0

[Event "AUTO-INT-1543"]
[Site "http://www.queenalice.com/game.php?id=695620"]
[Date "2009.12.10"]
[Round "1"]
[White "Umma"]
[Black "markmooney"]
[Result "0-1"]
[WhiteElo "1513"]
[BlackElo "1854"]

1. e4 c5 2. Qg4 d5 3. Nc3 Bxg4 4. e5 Nc6 5. f4 Nd4 6. Bb5+ Nxb5 7. h3 Nxc3 8.
bxc3 Bf5 9. Ne2 Bxc2 10. O-O Qb6 11. a4 d4 12. Ra2 d3 13. a5 Qg6 14. Ba3 dxe2
15. f5 Qg3 16. Rxc2 Qxe5 17. d4 Qe3+ 0-1

[Event "Challenge"]
[Site "http://www.queenalice.com/game.php?id=723440"]
[Date "2010.1.31"]
[Round "-"]
[White "eleden"]
[Black "Umma"]
[Result "1-0"]
[WhiteElo "1584"]
[BlackElo "1455"]

1. d4 d5 2. Nf3 Bg4 3. Bf4 Nf6 4. e3 Nc6 5. a3 Ne4 6. Nbd2 g5 7. Bg3 e5 8. Bxe5
Nxe5 9. h3 Nxf3+ 10. Nxf3 Bxf3 11. Qxf3 Qf6 12. Qxf6 Nxf6 13. g4 O-O-O 14. Bd3
1-0

[Event "Challenge"]
[Site "http://www.queenalice.com/game.php?id=735380"]
[Date "2010.2.21"]
[Round "-"]
[White "Umma"]
[Black "Lacey12"]
[Result "0-1"]
[WhiteElo "1360"]
[BlackElo "1813"]

1. e4 e5 2. d3 Nc6 3. Nf3 Bc5 4. d4 exd4 5. Ne5 Nxe5 6. f4 Nc6 7. c4 Nge7 8. Qh5
Bb4+ 9. Nd2 O-O 10. Bd3 f5 11. exf5 Rf6 12. O-O Rh6 13. Qg4 d6 14. Ne4 Bxf5 15.
Qg5 Rg6 16. Qh4 h6 0-1